Fr. Conceicao Rodrigues College of Engineering

Elements of Rolling Practice (Record no. 22446)

MARC details
000 -LEADER
fixed length control field 00196nam a2200097Ia 4500
100 ## - MAIN ENTRY--PERSONAL NAME
Personal name Green/R
245 ## - TITLE STATEMENT
Title Elements of Rolling Practice
260 ## - PUBLICATION, DISTRIBUTION, ETC.
Name of publisher, distributor, etc. United Steel Co
300 ## - PHYSICAL DESCRIPTION
Extent 158
942 ## - ADDED ENTRY ELEMENTS (KOHA)
Koha item type BOOK
Holdings
Withdrawn status Lost status Damaged status Not for loan Collection Home library Current library Date acquired Cost, normal purchase price Inventory number Total Checkouts Full call number Barcode Date last seen Cost, replacement price Price effective from Koha item type
        AFT Fr. Agnel's C.Rodrigues College of Engineering Fr. Agnel's C.Rodrigues College of Engineering 17/03/2023 60.00 T-43   AFT1481 17/03/2023 60.00 17/03/2023 BOOK